Derecho del trabajo y los efectos laborales de la crisis y emergencia sanitaria en Chile.

Shranjeno v:
Bibliografske podrobnosti
Glavni avtor: Domínguez Montoya, Álvaro (coordinador)
Drugi avtorji: Rosas Bertin, Diego (coordinador)
Format: Neznan
Jezik:angleščina
Izdano: Santiago, Chile Thomson Reuters- Universidad de Concepción 2020
Serija:Monografías
Teme:
Oznake: Označite
Brez oznak, prvi označite!

MARC

LEADER 00000 a2200000 4500
003 CL-VaPUC
005 20210405184410.0
008 210112b ||||| |||| 00| 0 eng d
999 |c 432552  |d 432550 
020 |a 9789564001494 
040 |c Pontificia Universidad Católica de Valparaíso 
082 1 4 |2 21  |a 344.8301 DOM 2020 
100 |a Domínguez Montoya, Álvaro   |9 859430  |e coordinador  
245 |a Derecho del trabajo y los efectos laborales de la crisis y emergencia sanitaria en Chile. 
260 0 3 |a Santiago, Chile   |b Thomson Reuters-  |b Universidad de Concepción  |c 2020 
300 |a 420 páginas  
440 |a Monografías   |9 856527 
583 |k Cristina Rojas  |c 20210113 
650 0 |a Derecho laboral  |9 15  |x Relaciones laborales  |x COVID-19 
650 0 |a Crisis sanitaria  |9 859489  |x COVID-19  |x Aspectos jurídicos 
700 |a Rosas Bertin, Diego   |e coordinador  |9 859439 
942 |2 ddc  |c BK 
952 |0 0  |1 0  |2 ddc  |4 0  |6 344_830100000000000_DOM_2020  |7 0  |8 A  |9 577492  |a BIBDER  |b BIBDER  |d 2021-01-12  |e 31  |g 0.00  |i 5619319  |l 2  |o 344.8301 DOM 2020  |p 5619319  |r 2023-01-25  |s 2022-06-06  |t 1  |v 0.00  |w 2021-01-12  |y BK  |k DER